| 000 | 00511nam a22001697a 4500 | ||
|---|---|---|---|
| 003 | BD-ChCU | ||
| 005 | 20251120092635.0 | ||
| 008 | 251117b usa ||||| |||| 00| 0 eng d | ||
| 040 | _cBD-ChCU | ||
| 082 | _aM912.8 SOU | ||
| 100 |
_aSouthard, Frank A. _916262 |
||
| 245 |
_aThe finances of European Liberation with special reference to Italy.// _cFran, A. Southarad. |
||
| 260 |
_aNew York _bKing's Crown. press. _c1946 |
||
| 300 | _aix, 206p | ||
| 650 | 0 |
_aWar - Economic Aspects. _916263 |
|
| 942 |
_2ddc _cBK _n0 |
||
| 999 |
_c109506 _d109506 |
||